000 00415nam a2200181Ia 4500
001 19195
003 GE_BSU
008 181216s||||||||xx |||||||||||||| ||und||
040 _cGE_BSU
245 _aParis Match, du 28juillet AU 3aout.2016
245 _b№3506
260 _aParis
260 _c2016
300 _a107p;ill;30cm
653 _aParis Match
653 _aპერიოდიკა
942 _cCR
999 _c52187
_d52187